000 00568nam a2200217Ia 4500
003 OSt
005 20220928140906.0
006 a|||||r|||| 00| 0
007 ta
008 220927b |||||||| |||| 00| 0 eng d
024 _a12361
037 _cTextual
040 _aSDCL
_cSDCL
_beng
041 _2eng
_aeng
082 _aB28931, P4
100 _aSoyer Refic Ed.
_9498089
245 0 _aMathematical reliability
_b An expository perspective.
260 _c2004
942 _hB28931, P4
_cTEXL
_2CC
999 _c814770
_d814770